[Event "HEM 2015 B Turnier"]
[Site "Frankfurt-Sossenheim"]
[Date "2015.??.??"]
[Round "2.26"]
[White "Anhalt, Albert"]
[Black "Droeser, Wolfgang"]
[Result "1-0"]
[WhiteElo "1896"]
[BlackElo "1461"]
[PlyCount "65"]
[EventDate "2015.??.??"]
[WhiteTeam "SG Idstein"]
[BlackTeam "SF Frankfurt"]

1. e4 g6 2. d4 Bg7 3. Nf3 d6 4. Bc4 e6 5. O-O Ne7 6. Bg5 h6 7. Bh4 Nd7 8. c3 a6
9. a4 c5 10. Bg3 Qc7 11. Nbd2 b6 12. Re1 Bb7 13. Bd3 e5 14. Rc1 O-O 15. Qb3 d5
16. exd5 Bxd5 17. c4 Bxf3 18. Nxf3 Nc6 19. dxe5 Ndxe5 20. Be4 Rae8 21. Bxc6
Qxc6 22. Nxe5 Qe6 23. Nd3 Qf6 24. Be5 Qc6 25. Bxg7 Kxg7 26. Ne5 Qc7 27. Qc3 f6
28. Ng4 Rd8 29. Qe3 g5 30. Qh3 Rh8 31. Ne3 Kg6 32. Qf5+ Kf7 33. Nd5 1-0

[Event "HEM 2015 B Turnier"]
[Site "Frankfurt-Sossenheim"]
[Date "2015.??.??"]
[Round "2.28"]
[White "Hirsch, Gabriel"]
[Black "Scheerer, Michael"]
[Result "1-0"]
[WhiteElo "1778"]
[BlackElo "1450"]
[PlyCount "53"]
[EventDate "2015.??.??"]
[WhiteTeam "BG Buchen"]
[BlackTeam "SF Frankfurt"]

1. d4 d5 2. Nf3 Nf6 3. e3 e6 4. c4 Be7 5. Nc3 O-O 6. Bd2 b6 7. Bd3 Nbd7 8. cxd5
exd5 9. O-O c5 10. Rc1 Bb7 11. Bb1 Re8 12. Ne1 cxd4 13. exd4 Nf8 14. Nd3 Ng6
15. Qc2 Rc8 16. Qd1 Bd6 17. f4 Ba6 18. Rf3 Ne4 19. Ne5 Nxc3 20. bxc3 f6 21. Rh3
fxe5 22. Qh5 e4 23. Qxh7+ Kf7 24. Qh5 Bc4 25. f5 Qf6 26. fxg6+ Qxg6 27. Rf3+
1-0

[Event "HEM 2015 B Turnier"]
[Site "Frankfurt-Sossenheim"]
[Date "2015.??.??"]
[Round "2.29"]
[White "Schreer, Maxima"]
[Black "Vedder, Matthias"]
[Result "0-1"]
[WhiteElo "1414"]
[BlackElo "1691"]
[PlyCount "80"]
[EventDate "2015.??.??"]
[WhiteTeam "SF Friedberg"]
[BlackTeam "SK Marburg"]

1. e4 c6 2. Nc3 d5 3. exd5 cxd5 4. d4 Nf6 5. Nf3 Bg4 6. Bf4 Nc6 7. Nb5 Rc8 8.
h3 Bxf3 9. Qxf3 a6 10. Nc3 Nxd4 11. Qd3 Nc6 12. Be2 e6 13. a3 Be7 14. Qg3 O-O
15. Bh6 Ne8 16. Bd3 Bh4 17. Qg4 Ne5 18. Qe2 Nxd3+ 19. cxd3 gxh6 20. O-O Bf6 21.
Qg4+ Kh8 22. d4 Nd6 23. Ne2 Qb6 24. Qf4 Bg7 25. Rfd1 Qxb2 26. Qxd6 Qxe2 27. Qb6
Rc2 28. Rf1 Rfc8 29. Kh2 Qc4 30. Rad1 Qc7+ 31. Qxc7 R8xc7 32. Rd3 R7c3 33. Rdd1
Rxa3 34. Rb1 b5 35. Rb4 Rc4 36. Rfb1 Bxd4 37. f3 Be5+ 38. Kh1 Rxb4 39. Rxb4
Ra1+ 40. Rb1 Rxb1# 0-1

[Event "HEM 2015 B Turnier"]
[Site "Frankfurt-Sossenheim"]
[Date "2015.??.??"]
[Round "2.30"]
[White "Pleyer, Christian"]
[Black "Schwarz, Daniel"]
[Result "1-0"]
[WhiteElo "1683"]
[BlackElo "1429"]
[PlyCount "67"]
[EventDate "2015.??.??"]
[WhiteTeam "SC Langenbieber"]
[BlackTeam "SG Idstein"]

1. d4 Nf6 2. c4 e6 3. Nc3 Bb4 4. Qc2 b6 5. e4 d6 6. Bd3 Nbd7 7. Bg5 Bb7 8. a3
Bxc3+ 9. bxc3 h6 10. Bh4 Qc8 11. Ne2 c5 12. O-O O-O 13. f3 Qc7 14. h3 Rac8 15.
Rfc1 d5 16. cxd5 exd5 17. e5 Ne8 18. Bg3 Qc6 19. Qd2 Nc7 20. a4 Ne6 21. f4 f5
22. exf6 Nxf6 23. Bb5 Qc7 24. f5 Ne4 25. Bxc7 Nxd2 26. Bd6 Rf6 27. Be5 Rxf5 28.
Bd7 Kf7 29. Rd1 Nb3 30. Rab1 Nbxd4 31. cxd4 Rd8 32. Bxe6+ Kxe6 33. Bxg7 Rh5 34.
Nf4+ 1-0

[Event "HEM 2015 B Turnier"]
[Site "Frankfurt-Sossenheim"]
[Date "2015.??.??"]
[Round "2.31"]
[White "Lopez, Victor"]
[Black "Boerkey, Pierre"]
[Result "1-0"]
[WhiteElo "1669"]
[BlackElo "1375"]
[PlyCount "97"]
[EventDate "2015.??.??"]
[WhiteTeam "SC Höchst"]
[BlackTeam "Wiesbadener SV"]

1. e4 c5 2. b3 Nc6 3. Nf3 d6 4. Bb2 Nf6 5. d3 e5 6. Nc3 Be7 7. Be2 O-O 8. O-O
Be6 9. Re1 Rc8 10. Bf1 h6 11. h3 Qd7 12. Ne2 Nh7 13. c3 Ng5 14. Ng3 b5 15. Nxg5
Bxg5 16. d4 cxd4 17. Bxb5 dxc3 18. Bxc3 Qb7 19. Qe2 Rfd8 20. Ba6 Qb6 21. Bxc8
Rxc8 22. Red1 Ne7 23. Bd2 Bxd2 24. Rxd2 f6 25. Rc2 Rxc2 26. Qxc2 d5 27. exd5
Bxd5 28. Nf5 Nxf5 29. Qxf5 Qd4 30. Qc8+ Kh7 31. Rc1 Qe4 32. Qc2 g5 33. Qxe4+
Bxe4 34. Rc7+ Kg6 35. Rxa7 h5 36. b4 g4 37. hxg4 hxg4 38. b5 Kf5 39. b6 g3 40.
f3 Bxf3 41. gxf3 Kf4 42. Kg2 f5 43. b7 e4 44. fxe4 fxe4 45. b8=Q+ Kg4 46. Qxg3+
Kf5 47. Ra5+ Kf6 48. Qd6+ Kf7 49. Ra7+ 1-0

[Event "HEM 2015 B Turnier"]
[Site "Frankfurt-Sossenheim"]
[Date "2015.??.??"]
[Round "2.32"]
[White "Davidov, Georgi"]
[Black "Schwarz, Matthias"]
[Result "1-0"]
[WhiteElo "1662"]
[BlackElo "1352"]
[PlyCount "55"]
[EventDate "2015.??.??"]
[WhiteTeam "SC Rotenburg"]
[BlackTeam "SG Idstein"]

1. e4 e5 2. Nf3 Nc6 3. Bb5 a6 4. Bxc6 dxc6 5. O-O Bd6 6. d4 Bg4 7. dxe5 Bxf3 8.
Qxf3 Bxe5 9. Qb3 Ne7 10. f4 Bd4+ 11. Kh1 Bb6 12. f5 Qd4 13. Nc3 Qf6 14. Bf4
O-O-O 15. g4 g6 16. g5 Qd4 17. f6 Ng8 18. Qxf7 Nh6 19. gxh6 Rhf8 20. Qe6+ Kb8
21. Rad1 Qb4 22. Rxd8+ Rxd8 23. Qe7 Qd4 24. Rd1 Qf2 25. Qxd8+ Ka7 26. Qd2 Qf3+
27. Qg2 Qxf4 28. Rf1 1-0

[Event "HEM 2015 B Turnier"]
[Site "Frankfurt-Sossenheim"]
[Date "2015.??.??"]
[Round "2.33"]
[White "Boerkey, Joel"]
[Black "Heinz, Tobias"]
[Result "1-0"]
[WhiteElo "1333"]
[BlackElo "1646"]
[PlyCount "74"]
[EventDate "2015.??.??"]
[WhiteTeam "Wiesbadener SV"]
[BlackTeam "SC Eschborn"]

1. d4 d5 2. c4 e6 3. Nf3 Nc6 4. e3 Nf6 5. b3 Be7 6. Bb2 O-O 7. Bd3 Nb4 8. Be2
c5 9. Nbd2 Bd7 10. O-O cxd4 11. Bxd4 b6 12. Qb1 Rc8 13. Qb2 Nc6 14. Bc3 dxc4
15. Nxc4 b5 16. Nce5 b4 17. Be1 Nd5 18. Rd1 Bf6 19. Ba6 Nxe5 20. Nxe5 Rc5 21.
Qd4 Qc7 22. f4 Rb8 23. Bg3 Rb6 24. Bc4 Bb5 25. Bxb5 Rbxb5 26. Qd2 Rc2 27. Qd3
Rbc5 28. Nc4 Rxa2 29. f5 Qe7 30. Bd6 Qb7 31. Bxc5 g6 32. fxe6 Ne7 33. Rd2 Ra1
34. exf7+ Kxf7 35. Rxa1 Bxa1 36. Rf2+ Kg7 37. Nd6 Qd7 1-0

[Event "HEM 2015 B Turnier"]
[Site "Frankfurt-Sossenheim"]
[Date "2015.??.??"]
[Round "2.35"]
[White "Kirschner, Philipp"]
[Black "Bahlke, Florian"]
[Result "1/2-1/2"]
[WhiteElo "1640"]
[BlackElo "1271"]
[PlyCount "98"]
[EventDate "2015.??.??"]
[WhiteTeam "Sfr. Kelkheim"]
[BlackTeam "SF Dettingen"]

1. d4 d5 2. c4 e6 3. Nc3 Nf6 4. Bg5 Be7 5. Nf3 O-O 6. e3 b6 7. cxd5 Nxd5 8.
Bxe7 Qxe7 9. Bd3 Nxc3 10. bxc3 Bb7 11. e4 Nd7 12. O-O c5 13. Re1 Rac8 14. e5 c4
15. Bc2 b5 16. Nd2 Nb6 17. Ne4 Bxe4 18. Rxe4 Qa3 19. Re3 Nd5 20. Rh3 g6 21. Qd2
f5 22. Bd1 Rf7 23. Rb1 a6 24. Qb2 Qxb2 25. Rxb2 Rb8 26. g4 fxg4 27. Bxg4 Nf4
28. Rf3 h5 29. Rxf4 Rxf4 30. Bxe6+ Kg7 31. a4 Rf3 32. axb5 axb5 33. Bxc4 Rxc3
34. Rxb5 Rxb5 35. Bxb5 Rc1+ 36. Kg2 Rd1 37. e6 Kf6 38. Bd7 Rxd4 39. h3 g5 40.
Kg3 h4+ 41. Kf3 Rf4+ 42. Kg2 Ke7 43. Kg1 Kd6 44. Kg2 Rf8 45. Kg1 Rg8 46. Kg2
Rg7 47. Kf3 Ke5 48. Kg4 Kf6 49. Kf3 Re7 1/2-1/2

[Event "HEM 2015 B Turnier"]
[Site "Frankfurt-Sossenheim"]
[Date "2015.??.??"]
[Round "2.36"]
[White "Koller, Wolfgang"]
[Black "Neagu, Liviu"]
[Result "1-0"]
[WhiteElo "1639"]
[BlackElo "1229"]
[PlyCount "61"]
[EventDate "2015.??.??"]
[WhiteTeam "SC Sulzbach"]
[BlackTeam "SF Friedberg"]

1. e4 c5 2. Nf3 Nc6 3. d4 cxd4 4. Nxd4 e6 5. Nc3 Nf6 6. f3 Bb4 7. Nxc6 bxc6 8.
Bd2 e5 9. a3 Ba5 10. Bc4 Bxc3 11. Bxc3 Nxe4 12. fxe4 Qh4+ 13. Kf1 Qxe4 14. Bd3
Qf4+ 15. Qf3 Qg5 16. Bxe5 O-O 17. Qf5 Qxf5+ 18. Bxf5 Re8 19. Re1 d6 20. Bxc8
dxe5 21. Bb7 Rab8 22. Bxc6 Re7 23. Rb1 e4 24. Ke2 e3 25. Rhd1 f5 26. Rd7 Re6
27. Bd5 Rbe8 28. Bxe6+ Rxe6 29. Rxa7 f4 30. Rd7 f3+ 31. gxf3 1-0

[Event "HEM 2015 B Turnier"]
[Site "Frankfurt-Sossenheim"]
[Date "2015.??.??"]
[Round "2.37"]
[White "Stier, Ingrid"]
[Black "Mook, Karl-Juergen"]
[Result "0-1"]
[WhiteElo "1086"]
[BlackElo "1570"]
[PlyCount "192"]
[EventDate "2015.??.??"]
[WhiteTeam "SVG Lauterbach"]
[BlackTeam "SC Sulzbach"]

1. e4 c5 2. Nf3 a6 3. Bc4 e6 4. d4 cxd4 5. Qxd4 Nc6 6. Qd3 Na5 7. O-O Nxc4 8.
Qxc4 b5 9. Qd3 Nf6 10. e5 Nd5 11. c3 Be7 12. Nbd2 O-O 13. Ne4 h6 14. a3 Qc7 15.
g3 Bb7 16. Re1 Rfd8 17. Bd2 Rac8 18. Rac1 Qc4 19. Qxc4 Rxc4 20. Nd4 f6 21. f4
f5 22. Nd6 Rc7 23. Nxb7 Rxb7 24. Be3 Rc8 25. Rc2 Rbc7 26. Kg2 Rc4 27. Bf2 R4c7
28. Rcc1 Bc5 29. Kh3 Bxd4 30. Bxd4 Rc6 31. b3 a5 32. c4 bxc4 33. bxc4 Nb6 34.
Bxb6 Rxb6 35. Rc3 Rc5 36. Kg2 Kf7 37. Rd3 Ke7 38. Rd4 Rb2+ 39. Kh3 a4 40. Red1
Rb7 41. Kh4 g6 42. h3 Rbc7 43. Rc1 Rb7 44. g4 fxg4 45. hxg4 Rb2 46. Rcd1 Rc7
47. f5 exf5 48. gxf5 gxf5 49. c5 Rc2 50. Rxa4 R2xc5 51. Kh5 Rxe5 52. Kxh6 Re6+
53. Kg5 Rf6 54. Re1+ Kf7 55. Rf4 Rc3 56. Rxf5 Rxf5+ 57. Kxf5 Rxa3 58. Ke5 Ra6
59. Kd5 Rh6 60. Kc5 Rc6+ 61. Kd5 Kf6 62. Kd4 Ra6 63. Kc4 Re6 64. Rd1 Ke7 65.
Kc5 d6+ 66. Kc6 Rh6 67. Re1+ Re6 68. Rh1 Rf6 69. Rh7+ Ke6 70. Rd7 Ke5 71. Rd8
Re6 72. Rd7 Rh6 73. Re7+ Kd4 74. Re1 d5+ 75. Kb5 Rh3 76. Rd1+ Rd3 77. Rc1 Rb3+
78. Ka4 Rc3 79. Rd1+ Kc4 80. Ka5 d4 81. Re1 Ra3+ 82. Kb6 Rb3+ 83. Ka5 d3 84.
Rc1+ Kd4 85. Ka4 Rc3 86. Rh1 d2 87. Rh4+ Kd3 88. Rh3+ Kc2 89. Rh2 Kc1 90. Kb4
Re3 91. Rh5 d1=Q 92. Rc5+ Kb2 93. Kb5 Qb3+ 94. Kc6 Re6+ 95. Kd7 Qb6 96. Rd5
Qc6+ 0-1